Malaysian contractor industrial equipment catalogue 1994/95.
| Format: | Book |
|---|---|
| Published: |
Shah Alam:
Time Trade Directories,
[1994].
|
| Subjects: |
| LEADER | 00465cam a2200157 7i4500 | ||
|---|---|---|---|
| 001 | 0000002921 | ||
| 005 | 19991025090000.0 | ||
| 002 | ##000004222 | ||
| 020 | 0 | 0 | |a T000003988 |
| 090 | 0 | 0 | |a D 959.5 |b MAL |
| 245 | 0 | 0 | |a Malaysian contractor industrial equipment catalogue 1994/95. |
| 260 | 0 | 0 | |a Shah Alam: |b Time Trade Directories, |c [1994]. |
| 300 | 0 | 0 | |a 212p. |
| 650 | 0 | 0 | |a Malaysia -- |x Directories |
| 651 | 0 | 0 | |a Malaysia |
| 999 | |a 0000004674 |b Book |c Open shelf |e Business Information Centre | ||